| 000 | 00647nam a2200205 a 4500 | ||
|---|---|---|---|
| 005 | 20140310183451.0 | ||
| 008 | 090108s19uu xx 00 eng d | ||
| 020 | _a1422101681 | ||
| 050 |
_aHD 31 _b.D76717 2006 |
||
| 100 | _aDrucker, Peter Ferdinannd | ||
| 245 |
_aClassic drucker : _bessential wisdom of Peter Drucker from the pages of Harvard business review / _cPeter Ferdinannd Drucker |
||
| 260 |
_aU.S.A : _bHarvard Business Review Book, _c2006. |
||
| 300 |
_a218 p. : _c25 cm. |
||
| 521 | _aBSBA | ||
| 650 | _aBSBA. | ||
| 650 | _aIndustrial management. | ||
| 650 | _aSuccess in business. | ||
| 942 |
_cBK _2lcc _kFOR |
||
| 999 |
_c23424 _d23424 |
||